Datum a čas kvízu
33
Celkem bodů
Celkový počet nahraných bodů na tomto kvízu bez doplňovacích otázek.
4.
Pořadí na kvízu
Konečné umístění týmu na tomto kvízu.
Zaznamenané odpovědi
| # | Otázka | Odpověď | Body | Výsledky |
|---|---|---|---|---|
| 1. | Krajský soud v Plzni začal min... | 1 | ||
| 2. | Minulé pondělí kolem desáté ho... | 0 | ||
| 3. | Britský režisér Dexter Fletche... | 0 | ||
| 4. | Dvě české potravinářské firmy,... | 1 | ||
| 5. | Bývalá světová jednička a drži... | 1 | ||
| 6. | Nyní se podíváme na komunální... | 1 | ||
| 7. | Výsledky voleb na pražský magi... | 1 | ||
| 8. | Dva z kandidátů posledních pre... | 1 | ||
| 9. | Kolik procent voličů navštívil... | 1 | ||
| 10. | Napište jméno volebního lídra... | 1 |